MARC details
| 000 -CABECERA |
| campo de control de longitud fija |
00919nam a22002417a 4500 |
| 005 - FECHA Y HORA DE LA ÚLTIMA TRANSACCIÓN |
| campo de control |
20251129063934.0 |
| 007 - CAMPO FIJO DE DESCRIPCIÓN FÍSICA--INFORMACIÓN GENERAL |
| campo de control de longitud fija |
cr |||aaa||||| |
| 008 - ELEMENTOS DE LONGITUD FIJA--INFORMACIÓN GENERAL |
| campo de control de longitud fija |
250613s2015 ck|d|||foz||| 001 e spa d |
| 035 ## - NÚMERO DE CONTROL DEL SISTEMA |
| Número de control de sistema |
9789589314883 |
| 040 ## - FUENTE DE LA CATALOGACIÓN |
| Centro catalogador/agencia de origen |
MX-MxUPN |
| Lengua de catalogación |
spa |
| Centro/agencia transcriptor |
MX-MxUPN |
| Normas de descripción |
aacr2 |
| 041 ## - CÓDIGO DE IDIOMA |
| Código de lengua del texto/banda sonora o título independiente |
spa |
| 050 ## - SIGNATURA TOPOGRÁFICA DE LA BIBLIOTECA DEL CONGRESO |
| Número de clasificación |
LB1073 |
| 100 ## - ASIENTO PRINCIPAL--NOMBRE PERSONAL |
| Nombre de persona |
Guarín Jurado, Germán |
| 9 (RLIN) |
56983 |
| 100 ## - ASIENTO PRINCIPAL--NOMBRE PERSONAL |
| Nombre de persona |
Tamayo Giraldo, Gonzalo |
| 9 (RLIN) |
56984 |
| 245 ## - MENCIÓN DE TÍTULO |
| Título |
La psicología hoy : |
| Resto del título |
hacia un horizonte en campos didácticos de actuación psicológica |
| Medio |
[recurso electrónico en línea] |
| 260 ## - PUBLICACIÓN, DISTRIBUCIÓN, ETC. |
| Lugar de publicación, distribución, etc. |
Manizales, Caldas, Colombia : |
| Nombre del editor, distribuidor, etc. |
Universidad de Manizales, |
| Fecha de publicación, distribución, etc. |
2015 |
| 300 ## - DESCRIPCIÓN FÍSICA |
| Extensión |
1 recurso electrónico (128 páginas) : |
| Otras características físicas |
PDF |
| 650 #4 - ASIENTO SECUNDARIO DE MATERIA - TERMINO TEMATICO |
| Término de materia o nombre geográfico como elemento de entrada |
Psicología aplicada |
| 9 (RLIN) |
16401 |
| Subdivisión de forma |
Motivación |
| 650 #0 - ASIENTO SECUNDARIO DE MATERIA - TERMINO TEMATICO |
| Término de materia o nombre geográfico como elemento de entrada |
Educación en valores |
| 9 (RLIN) |
56985 |
| 856 ## - LOCALIZACIÓN Y ACCESO ELECTRÓNICOS |
| Identificador Uniforme del Recurso |
<a href="https://ridum.umanizales.edu.co/xmlui/handle/20.500.12746/2275">https://ridum.umanizales.edu.co/xmlui/handle/20.500.12746/2275</a> |
| 902 ## - ELEMENTOS DE DATOS B LOCAL, LDB (RLIN) |
| Creó |
Maiella Martínez / 13062025 |
| 942 ## - ELEMENTOS DE PUNTO DE ACCESO ADICIONAL (KOHA) |
| Fuente del sistema de clasificación o colocación |
Library of Congress Classification |
| Tipo de ítem Koha |
Libro Electrónico |